[Event "Asia-ch Amateur"]
[Site "Dubai"]
[Date "2023.08.28"]
[Round "1"]
[White "Amr, Mohammad"]
[Black "Pedarse, Marlon"]
[Result "0-1"]
[WhiteElo "1584"]
[BlackElo "1930"]
[PlyCount "56"]
[EventDate "2023.08.28"]
[EventType "swiss"]
[EventRounds "9"]
[EventCountry "UAE"]
[SourceTitle "EXT 2024"]
[Source "ChessBase"]
[SourceDate "2023.10.10"]
[SourceVersion "1"]
[SourceVersionDate "2023.10.10"]
[SourceQuality "1"]

1. Nf3 Nf6 2. c4 b6 3. g3 Bb7 4. Bg2 c5 5. 0-0 g6 6. b3 Bg7 7. Bb2 0-0 8. Qc2 Nc6 9. a3 e6 10. e3 d5 11. d4 Rc8 12. Nbd2 cxd4 13. exd4 dxc4 14. bxc4 Na5 15. Rac1 Qe8 16. Qd3 Ba6 17. Ne5 Nd7 18. Nxd7 Qxd7 19. Rfd1 Rfd8 20. Bf1 Bxd4 21. Qb1 Bxb2 22. Qxb2 Qd4 23. Qb1 Bb7 24. Bg2 Qd3 25. Qa1 Bxg2 26. Kxg2 Qe2 27. Qc3 Rd3 28. Qb2 Rcd8 0-1